Представление документа в формате MARC21

Поле Инд. ПП Название Значение
Тип записи a
Библиографический уровень b
001 Контрольный номер RU/IS/BASE/126707103
005 Дата корректировки 20210224160017.1
084 a Индекс другой классификации/Индекс ББК 60.561.51; 60.542.14
100 1_ a Автор Карлсон А.
245 a Заглавие Как сделать мир действительно безопасным для детей
c Ответственность перевод с английского Т. Ерофеевой, научный редактор перевода А. И. Антонов
504 a Библиография Библиогр. ссылки. - Примеч.
650 a Основная рубрика социология
a Основная рубрика социология групп
a Основная рубрика социология семьи
653 a Ключевые слова дети
a Ключевые слова права ребенка
a Ключевые слова семья
700 a Автор Ерофеева Т.
e Роль лиц Переводчик
700 a Автор Антонов А. И.
e Роль лиц редактор перевода
773 t Заглавие источника Вестник Московского университета. Серия 18, Социология и политология
d Дата издания источника 2003
g Прочая информация № 3. - С. 83 - 92
w Контрольный № источника RU/IS/BASE/121270811
901 t Тип документа b